000 00586nam a2200229Ia 4500
003 OSt
005 20220918200951.0
006 a|||||r|||| 00| 0
007 ta
008 220917b |||||||| |||| 00| 0 eng d
024 _a91,035
037 _cTextual
040 _aARTS
_cARTS
_beng
041 _2eng
_aeng
082 _aVwM34, J2
100 _aHimmelfarb Gertrude
_996218
245 0 _aLord Action
_b a study in conscience and politics
260 _c1952
650 _aHISTORY
942 _hVwM34, J2
_cTEXL
_2CC
999 _c214695
_d214695